000 01408cam a2200325 a 4500
999 _c27125
_d27125
001 2485471
003 OSt
005 20170207123102.0
008 910301s1991 nyua b 001 0 eng
010 _a 91002891
020 _a0195052064
040 _aDLC
_cDLC
_dDLC
050 0 0 _aNC760
_b.G67 1991
082 0 0 _a702/.8
_220
100 1 _aGoldfinger, Eliot.
245 1 0 _aHuman anatomy for artists :
_bthe elements of form /
_cby Eliot Goldfinger.
260 _aNew York :
_bOxford University Press,
_c1991.
300 _axiii, 348 p. :
_bill. ;
_c31 cm.
504 _aIncludes bibliographical references (p. 333-337) and index.
650 0 _aAnatomy, Artistic.
650 0 _aHuman figure in art.
856 4 2 _3Publisher description
_uhttp://www.loc.gov/catdir/enhancements/fy0603/91002891-d.html
856 4 2 _3Contributor biographical information
_uhttp://www.loc.gov/catdir/enhancements/fy0725/91002891-b.html
906 _a7
_bcbc
_corignew
_d1
_eocip
_f19
_gy-gencatlg
942 _2lcc
_cBOOKS
_hNC 760 .G67 1991